000 00581nam a22001937a 4500
003 OSt
005 20260205005720.0
008 260205b |||||||| |||| 00| 0 eng d
020 _a978-1-926692-25-8
040 _aDWCL-Main Lib
_cOC
082 _aCirc. 631.52 P713 2010
245 _aPlant breeding
260 _aOakville, On :
_bApple Academic Press,
_c c2010.
300 _a304 p. :
_bill. ;
_c24 cm.
501 _aIncludes references and index.
650 _aPlant breeding - research and studies.
700 _aCARMEN, STRONCONE
_eEditor
942 _2ddc
_cBK-CIRC
_mCirc.
_n0
999 _c8284
_d8284